Estanque Gallegos : carta topográfica /

Carta de la región circundante a Estanque Gallegos, que cubre la zona comprendida, al norte por La Verdolaga; al sur, Lo de Castro; al oriente, el cerro Los Picachos y al poniente Pozo Hidalgo, todas ellas localidades del municipio de Mazapil, Zacatecas.

Na minha lista:
Detalhes bibliográficos
Autor Corporativo: Instituto Nacional de Estadística y Geografía
Formato: Mapa
Edição:2a edición
Colecção:(Carta Topográfica)
Assuntos:
Tags: Adicionar Tag
Sem tags, seja o primeiro a adicionar uma tag!

MARC

LEADER 00000nem^a2200000^a^4500
001 000303793
005 20250521000000.0
009 20260310112658.475
037 |a Acervo ITESO - Biblioteca 
041 |a GRA 
093 |a G-13-D-69 
110 |a Instituto Nacional de Estadística y Geografía 
240 1 1 |a [Pico de Teyra, materiales cartográficos] 
240 1 1 |a [Estanque Gallegos, materiales cartográficos] 
245 1 0 |a Estanque Gallegos :  |b carta topográfica /  |c INEGI. 
250 |a 2a edición 
264 |a Aguascalientes, México :  |b Instituto Nacional de Estadística y Geografía, Dirección General de Geografía y Medio Ambiente,  |c 2008-2010 
300 |a 1 mapa 
336 |a imagen cartográfica estática  |b cri  |2 rdacontenido 
337 |a sin mediación  |b n  |2 rdamedio 
338 |a mapa  |b nz  |2 rdasoporte 
440 1 |a (Carta Topográfica) 
520 |a Carta de la región circundante a Estanque Gallegos, que cubre la zona comprendida, al norte por La Verdolaga; al sur, Lo de Castro; al oriente, el cerro Los Picachos y al poniente Pozo Hidalgo, todas ellas localidades del municipio de Mazapil, Zacatecas. 
522 |a Cartas adyacentes: G13D58, G13D59, G14C51, G13D68, G14C61, G13D78, G13D79, G14C71 
522 |a Carta formada por métodos fotogramétricos a partir de fotografías obtenidas en marzo de 2001 
546 |a Edición gráfica con texto en español 
649 |a XX 
650 |a Topografía -  |z México 
650 |a Sierra La Minita 
650 |a Sierra La Masa 
650 |a Sierra La Pera 
650 |a Sierra El Solitario de Teyra 
650 |a Sierra San Julián 
650 |a Sierra Providencia 
650 |a Pico de Teyra 
650 |a La Palmilla, Zacatecas -  |x Mapas 
650 |a Estanque Gallegos, Zacatecas -  |x Mapas -  |x Tema Principal 
650 |a San Rafael, Zacatecas -  |x Mapas 
650 |a El Jazmín, Zacatecas -  |x Mapas 
650 |a La Verdolaga, Zacatecas -  |x Mapas 
650 |a Lo de Castro, Zacatecas -  |x Mapas 
650 |a Pozo Hidalgo, Zacatecas -  |x Mapas 
650 |a Las Tortugas, Zacatecas -  |x Mapas 
650 |a La Palmilla, Zacatecas -  |x Mapas 
650 |a Mazapil, Zacatecas -  |x Mapas 
650 |a Zacatecas -  |x Mapas 
650 |a México -  |x Mapas 
910 |a Fondo General 
920 |a Gráficos - Mapas 
905 |a 503 
901 |a 0500190370  |b IT2  |c MAP  |i D53803  |u 20250521 
902 |a https://opac.biblio.iteso.mx/vufind/Record/000303793